000 00923nam a2200265Ia 4500
003 OSt
005 20221005110808.0
006 a|||||r|||| 00| 0
007 ta
008 221004b |||||||| |||| 00| 0 hin d
020 _a9788126710331 (hbk)
_cINR 300.00
024 _a29578
037 _b282, 03/03/2017, Eastern Book Linkers
_cTextual
040 _aCRL
_cCRL
_bhin
041 _2hin
_ahin
082 _aO152,3N57,PA, Q2
100 _aकॉंकरिया, मधु, ले.
245 0 _aपत्ताखोर
246 _aPattākhora
260 _aनई दिल्ली
_bराजकमल प्रकाशन भारत
_c2005
300 _a211पृ0
_ccm.
650 _aहिन्दी कहानी
942 _hO152,3N57,PA, Q2
_cTEXL
_2cc
999 _c1019914
_d1019914